Spell the Marvel Character #100 - Statistics

General Stats
  • This quiz has been taken 38 times
  • The average score is 9 of 10
Answer Stats
Picture Answer % Correct
Star-lord
100%
Ant-Man
96%
Daredevil
96%
Iron Man
96%
Punisher
96%
Ms. Marvel
92%
Spider-Man
92%
Rocket Raccoon
84%
Elektra
80%
Nightcrawler
76%
No matching quizzes found
Score Distribution
Percent of People with Each Score
Percentile by Number Answered
Your Score History
You have not taken this quiz